000 00243nam a2200109Ia 4500
008 190216s9999||||xx |||||||||||||| ||und||
100 _aJohn Kenneth
245 0 _aOliver Twist
260 _bMoohim Publicaion
650 _aEnglish
942 _cBK
999 _c13037
_d13037